Dictionary of philosophy (Record no. 255893)

MARC details
000 -LEADER
fixed length control field 00526nam a2200193Ia 4500
008 - FIXED-LENGTH DATA ELEMENTS--GENERAL INFORMATION
fixed length control field 191130s2005##################000#0#eng##
020 ## - INTERNATIONAL STANDARD BOOK NUMBER
ISBN 9780195684520
082 ## - DEWEY DECIMAL CLASSIFICATION NUMBER
Classification number 103 BLA
100 ## - MAIN ENTRY--AUTHOR NAME
Personal name Blackburn, Simon
245 ## - TITLE STATEMENT
Title Dictionary of philosophy
Statement of responsibility, etc Simon Blackburn
260 ## - PUBLICATION, DISTRIBUTION, ETC. (IMPRINT)
Place of publication India
Name of publisher Oxford University Press
Year of publication 2005
300 ## - PHYSICAL DESCRIPTION
Number of Pages 407 p. ; 20 cm
650 ## - SUBJECT ADDED ENTRY--TOPICAL TERM
Topical Term Philosophy - Dictionaries
991 ## -
-- 300716
Holdings
Withdrawn status Lost status Damaged status Not for loan Home library Current library Shelving location Date acquired Full call number Accession Number Price effective from Koha item type
        Anna Centenary Library Anna Centenary Library 3RD FLOOR, A WING 13.10.2020 103 BLA 111503 13.10.2020 English Books

Find us on the map